Changing product structure and comparative advantage: the case of Hungarian agri-food trade

Štrukturálne zmeny v maďarskom agropotravinárskom obchode po prijatí krajiny do Európskej únie v roku 2004. Analýza pomocou rôznych metód teórie odhalenej komparatívnej výhody. Špecializácia maďarského agropotravinárského obchodu.

Salvato in:
Dettagli Bibliografici
Autore principale: Jámbor, Attila
Altri autori: Hubbard, Lionel J.
Natura: Capitolo di libro
Lingua:inglese
Soggetti:
Tags: Aggiungi Tag
Nessun Tag, puoi essere il primo ad aggiungerne!!

MARC

LEADER 00000naa a2200000 4500
001 0178907
005 20231208073427.6
041 0 |a eng 
044 |a SK 
245 1 0 |a Changing product structure and comparative advantage: the case of Hungarian agri-food trade  |c Attila Jámbor, Lionel J. Hubbard 
520 |a Štrukturálne zmeny v maďarskom agropotravinárskom obchode po prijatí krajiny do Európskej únie v roku 2004. Analýza pomocou rôznych metód teórie odhalenej komparatívnej výhody. Špecializácia maďarského agropotravinárského obchodu. 
610 2 0 |a agropotravinárstvo 
610 2 0 |a Maďarsko 
610 2 0 |a potraviny 
610 2 0 |a obchod zahraničný 
610 2 0 |a výhody komparatívne 
100 1 |a Jámbor, Attila 
700 1 |a Hubbard, Lionel J.